000 00362 a2200121 4500
005 20250623132255.0
082 _aLM 604.2 BHA
100 _aBHANDARI, V. K. et...al
245 _aDrawing & Design: Databook for Mechanical Engineering
260 _aDar es Salaam
_bFaculty of Engineering
_c1983
300 _axi, 324p.: Ill.; table.
_bIndex
_c21cm.
942 _2ddc
_cBKS
999 _c2785
_d2785